Square Numbers - Sudden Death - Statistics

General Stats
  • This quiz has been taken 33 times
  • The average score is 6 of 15
Answers on the Grid
Answers color-coded by a green-red scale on the quiz's grid according to % correct below.
484
529
224
1156
1024
979
676
892
7569
100000
5476
6565
6241
7395
7568
3364
4235
3080
5328
7744
4489
2116
8484
2702
253512
9215
8836
8464
10404
2400
 
Answer Stats
Answer % Correct
1024
67%
2116
67%
529
67%
1156
33%
3364
33%
4489
33%
484
33%
5476
33%
6241
33%
676
33%
7569
33%
7744
33%
8464
33%
8836
33%
10404
0%
No matching quizzes found
Score Distribution
Percent of People with Each Score
Percentile by Number Answered
Your Score History
You have not taken this quiz